MARC-Details
| 000 -LEADER |
| fixed length control field |
02107cam a2200493 c 4500 |
| 001 - CONTROL NUMBER |
| control field |
1869054652 |
| 003 - CONTROL NUMBER IDENTIFIER |
| control field |
DE-627 |
| 005 - DATE AND TIME OF LATEST TRANSACTION |
| control field |
20251227123448.0 |
| 007 - PHYSICAL DESCRIPTION FIXED FIELD--GENERAL INFORMATION |
| fixed length control field |
tu |
| 008 - FIXED-LENGTH DATA ELEMENTS--GENERAL INFORMATION |
| fixed length control field |
231102s2024 gw ||||| 6 00| ||ger c |
| 015 ## - NATIONAL BIBLIOGRAPHY NUMBER |
| National bibliography number |
23,N44 |
| Source |
dnb |
| 016 7# - NATIONAL BIBLIOGRAPHIC AGENCY CONTROL NUMBER |
| Record control number |
1307405991 |
| Source |
DE-101 |
| 020 ## - INTERNATIONAL STANDARD BOOK NUMBER |
| International Standard Book Number |
9783551739896 |
| Terms of availability |
: Broschur : EUR 12.00 (DE), EUR 12.40 (AT), CHF 17.90 (freier Preis) |
| 020 ## - INTERNATIONAL STANDARD BOOK NUMBER |
| International Standard Book Number |
3551739897 |
| 024 3# - OTHER STANDARD IDENTIFIER |
| Standard number or code |
9783551739896 |
| 035 ## - SYSTEM CONTROL NUMBER |
| System control number |
(DE-627)1869054652 |
| 035 ## - SYSTEM CONTROL NUMBER |
| System control number |
(DE-599)DNB1307405991 |
| 035 ## - SYSTEM CONTROL NUMBER |
| System control number |
(OCoLC)1450354064 |
| 040 ## - CATALOGING SOURCE |
| Original cataloging agency |
DE-627 |
| Language of cataloging |
ger |
| Transcribing agency |
DE-627 |
| Description conventions |
rda |
| 041 ## - LANGUAGE CODE |
| Language code of text/sound track or separate title |
ger |
| Language code of original |
jpn |
| 044 ## - COUNTRY OF PUBLISHING/PRODUCING ENTITY CODE |
| ISO country code |
XA-DE-HH |
| 082 04 - DEWEY DECIMAL CLASSIFICATION NUMBER |
| Classification number |
741.5 |
| Assigning agency |
DE-101 |
| 100 1# - MAIN ENTRY--PERSONAL NAME |
| Personal name |
Horikoshi, Kōhei |
| Dates associated with a name |
1986- |
| Relator term |
VerfasserIn |
| -- |
KünstlerIn |
| Authority record control number or standard number |
(DE-588)113068962X |
| -- |
(DE-627)884892603 |
| -- |
(DE-576)486926397 |
| Relationship |
aut |
| -- |
art |
| 240 10 - UNIFORM TITLE |
| Uniform title |
Boku no Hero Academia the Movie: Futari no Hero |
| 245 10 - TITLE STATEMENT |
| Title |
My Hero Academia - the movie 1 |
| Remainder of title |
two heroes |
| Statement of responsibility, etc. |
Original: Kohei Horikoshi ; Drehbuch: Yosuke Kuroda ; aus dem Japanischen von Anke Bockel |
| 250 ## - EDITION STATEMENT |
| Edition statement |
1. Aufl. |
| 264 #1 - PRODUCTION, PUBLICATION, DISTRIBUTION, MANUFACTURE, AND COPYRIGHT NOTICE |
| Place of production, publication, distribution, manufacture |
Hamburg |
| Name of producer, publisher, distributor, manufacturer |
Carlsen Manga! |
| Date of production, publication, distribution, manufacture, or copyright notice |
24 |
| 300 ## - PHYSICAL DESCRIPTION |
| Extent |
346 Seiten |
| Dimensions |
17.5 cm x 11.5 cm |
| 336 ## - CONTENT TYPE |
| Content type term |
unbewegtes Bild |
| Content type code |
sti |
| Source |
rdacontent |
| 336 ## - CONTENT TYPE |
| Content type term |
Text |
| Content type code |
txt |
| Source |
rdacontent |
| 337 ## - MEDIA TYPE |
| Media type term |
ohne Hilfsmittel zu benutzen |
| Media type code |
n |
| Source |
rdamedia |
| 338 ## - CARRIER TYPE |
| Carrier type term |
Band |
| Carrier type code |
nc |
| Source |
rdacarrier |
| 490 0# - SERIES STATEMENT |
| Series statement |
Action |
| 490 0# - SERIES STATEMENT |
| Series statement |
Anime Comics |
| 583 1# - ACTION NOTE |
| Action |
Archivierung/Langzeitarchivierung gewährleistet |
| Time/date of action |
2024 |
| Authorization |
PEHH |
| Source of term |
pdager |
| Institution to which field applies |
DE-18 |
| 655 #7 - INDEX TERM--GENRE/FORM |
| Genre/form data or focus term |
Comic |
| Authority record control number or standard number |
(DE-588)4010427-8 |
| -- |
(DE-627)104377402 |
| -- |
(DE-576)208887989 |
| Source of term |
gnd-content |
| 951 ## - EQUIVALENCE OR CROSS-REFERENCE--GEOGRAPHIC NAME/AREA NAME [OBSOLETE] [CAN/MARC only] |
| Geographic name |
BO |
| 700 1# - ADDED ENTRY--PERSONAL NAME |
| Personal name |
Kuroda, Yosuke |
| Relator term |
MitwirkendeR |
| Relationship |
ctb |
| 700 1# - ADDED ENTRY--PERSONAL NAME |
| Personal name |
Bockel, Antje |
| Relator term |
ÜbersetzerIn |
| Authority record control number or standard number |
(DE-588)1025682602 |
| -- |
(DE-627)724452826 |
| -- |
(DE-576)370626141 |
| Relationship |
trl |
| 710 2# - ADDED ENTRY--CORPORATE NAME |
| Corporate name or jurisdiction name as entry element |
Carlsen Verlag |
| Relator term |
Verlag |
| Authority record control number or standard number |
(DE-588)2036434-9 |
| -- |
(DE-627)10257796X |
| -- |
(DE-576)191872857 |
| Relationship |
pbl |
| 856 42 - ELECTRONIC LOCATION AND ACCESS |
| Uniform Resource Identifier |
<a href="http://deposit.dnb.de/cgi-bin/dokserv?id=4e4060e938bc4c49b1416587b5f28879&prov=M&dok_var=1&dok_ext=htm">http://deposit.dnb.de/cgi-bin/dokserv?id=4e4060e938bc4c49b1416587b5f28879&prov=M&dok_var=1&dok_ext=htm</a> |
| Contact for access assistance |
X:MVB |
| Electronic format type |
text/html |
| Materials specified |
Inhaltstext |
| Access status |
1 |
| 856 42 - ELECTRONIC LOCATION AND ACCESS |
| Uniform Resource Identifier |
<a href="https://d-nb.info/1307405991/04">https://d-nb.info/1307405991/04</a> |
| Contact for access assistance |
B:DE-101 |
| Electronic format type |
application/pdf |
| Materials specified |
Inhaltsverzeichnis |
| Access status |
1 |
| 942 ## - ADDED ENTRY ELEMENTS (KOHA) |
| Source of classification or shelving scheme |
Dewey Decimal Classification |
| Koha item type |
Manga |
| Suppress in OPAC |
No |